Statistics for Countries with the Most Mosques

Click here to take the quiz!

General Stats

  • This quiz has been taken 126 times
  • The average score is 10 of 15

Answer Stats

No. of MosquesAnswer% Correct
300 000India
94%
554 152Indonesia
92%
98 800Saudi Arabia
92%
57 635Iran
89%
132 809Egypt
87%
50 000Morocco
83%
89 259Turkey
81%
18 400Algeria
79%
250 399Bangladesh
73%
39 135China
71%
16 000Oman
71%
15 000Afghanistan
66%
48 000Senegal
28%
20 000Kenya
22%
17 200Uganda
12%

Score Distribution

Percentile by Number Answered

Percent of People with Each Score

Your Score History

You have not taken this quiz